00325pab a2200121 454500008004000000100001600040245007100056260000900127300001300136362001200149650003100161773001100192180718b2002 xxu||||| |||| 00| 0 eng d aKaul, Ishan aTowards holistic management of water resources - the case of India c2002 ap.59-85. aJan-Jun aWater resources management aMargin